00773nam a22002057a 450000500170000001000340001702000220005103500340007303700160010708200150012310000130013824501740015124600060032526000470033127000700037830000380044849000400048665000140052665000270054020181108133950.0 aB-164259 ,B-164278, B-165276 c00.00a817305181X aB-164259, B-164278, B-165276 bCen Lib/Ret a230.1bVAN aVanamali aSri Krishna lila :cby Vanamalibthe complete life of bhagavan sri Krishna, taken from the Sreemad Bhagavatham, Sreemad Mahabharatam and the wealth of oral traditions / b  bAryan Books Internationalc2000aNew Delhi aPooja Appartments, 4B, Anasri Road, Daryaganj bNew Delhie110002 axviii,414p. :c22cm(Hb)bcol.ill. aSri Krishnaya Parambrahmane Namaba! aHindiuism aKrishna (Hindu deity)